000 00736cab a2200229 4500
001 ABS41963
008 090401t1990 xxu||||| |||| 00| 0 eng d
035 _a(Sirsi) u33719
041 _aeng
100 _aSchiller, R.
245 _a1989 - the fourth best year for growth
260 _c1990
350 _a0
490 _aShop Property
_vJanuary 1990, 8-9(2)
520 _aExamines the retail and shop property market for 1989 , identifying a trend of slower rental growth in all areas except the West Midlands and Scotland .
650 _aDEVELOPMENT
650 _aLONDON
650 _aSUPERSTORES
690 _aPROPERTY-COMMERCIAL PROPERTY-COMMERCIAL PROPERTY FINANCE AND INVESTMENT
942 _n0
948 _c04/03/1997
999 _c22476
_d22476